| 000 | 00629nam a22001817a 4500 | ||
|---|---|---|---|
| 999 |
_c18298 _d18298 |
||
| 003 | AR-CdUCM | ||
| 008 | 190513b ||||| |||| 00| 0 spa d | ||
| 040 |
_aMUNICIPALIDAD PROVINCIAL DEL CUSCO _cBIBLIOTECA MUNICIPAL DEL CUSCO |
||
| 082 |
_a349.47 / _bD32 |
||
| 100 |
_aDavid, Rene _938808 |
||
| 245 | _aEl derecho Soviético / | ||
| 260 |
_aBuenos Aires : _bLa Ley, _c1964. |
||
| 300 |
_a431 páginas ; _c23 páginas ; |
||
| 505 | _aLos elementos fundamentales del derecho -- La tradicion juridica Rusa -- Los libros de justicia y el Stoglav... | ||
| 650 |
_aDerecho Soviético. _929293 |
||
| 942 |
_2ddc _cLIBROS |
||
| 945 | _awfj | ||